000 00433nam a22001697a 4500
003 BUBTL
008 210223b xxu||||| |||| 00| 0 eng d
082 _a345
245 _aBLD'S 8-Yeas Criminal Digest (1993-2000)
250 _a1st
260 _aDhaka
_bBangladesh Bar Council
_cc2002
300 _a284p . :
_b24 cm.
650 _aLaw
_93975
856 _k0
_l0
_yDownload
942 _2ddc
_cBK
999 _c6465
_d6465